000 00310nam a22001337a 4500
999 _c532175
_d532175
003 NUST
038 _aM.Ramzan
082 _a624
_bBRE
100 _aBrenner, Brian.
_925511
245 _aBridginess more of the civil engineering
260 _avirginia:
_bAS|CE
_c2009
300 _a227 p, :
942 _2ddc
_cBK